Die Dunkelkammern der Edith Tudor-Hart : Geschichten eines Lebens /

Bibliographic Details
Main Author: Jungk, Peter Stephan, 1952-
Format: Book
Language:German
Published: Frankfurt am Main : S. Fischer, [2015]
Subjects:

MARC

Tag First Indicator Second Indicator Subfields
LEADER 00000cam a2200000Ia 4500
001 in00003539739
005 20151105220000.0
008 150522s2015 gw af b 000 0bger d
016 7 |a 1060072211  |2 GyFmDB 
020 |a 9783100023988 
020 |a 3100023986 
024 3 |a 9783100023988 
035 |a (OCoLC)ocn910102629 
035 |a (OCoLC)910102629 
040 |a OHX  |b eng  |c OHX  |d OBE  |d OCLCO  |d CHVBK  |d OCLCO  |d TXA  |d UtOrBLW 
043 |a e-au--- 
049 |a TXAM 
050 4 |a UB271.R92  |b T83 2015 
072 7 |a PT  |2 lcco 
072 7 |a TR  |2 lcco 
100 1 |a Jungk, Peter Stephan,  |d 1952- 
245 1 4 |a Die Dunkelkammern der Edith Tudor-Hart :  |b Geschichten eines Lebens /  |c Peter Stephan Jungk. 
264 1 |a Frankfurt am Main :  |b S. Fischer,  |c [2015] 
264 4 |c ©2015 
300 |a 319 pages, 16 unnumbered pages of plates :  |b illustrations ;  |c 21 cm. 
336 |a text  |b txt  |2 rdacontent 
337 |a unmediated  |b n  |2 rdamedia 
338 |a volume  |b nc  |2 rdacarrier 
500 |a Biography. 
504 |a Includes bibliographical references. 
600 1 0 |a Tudor-Hart, Edith,  |d 1908-1973. 
650 0 |a Spies  |z Austria  |v Biography. 
650 0 |a Espionage, Soviet  |z Austria. 
650 0 |a Women photographers  |z Austria  |v Biography. 
600 1 7 |a Tudor-Hart, Edith,  |d 1908-1973.  |0 (DE-588)118820540  |2 gnd 
994 |a C0  |b TXA 
948 |a cataloged  |b h  |c 2015/6/25  |d c  |e jlanham  |f 12:51:29 pm 
999 |a MARS 
999 f f |s 1bae5f97-2130-3286-a87b-ce8053e94c70  |i e42a0162-1f4a-34b4-8854-9dd504e0609d  |t 0 
952 f f |p normal  |a Texas A&M University  |b College Station  |c Sterling C. Evans Library  |d Evans: Library Stacks  |t 0  |e UB271.R92 T83 2015  |h Library of Congress classification  |i unmediated -- volume  |m A14843124299 
998 f f |a UB271.R92 T83 2015  |t 0  |l Evans: Library Stacks